000 01166cai a22001815a 4500
001 L139579
008 070731e20070724xxkdo g s 000 0 eng d
035 _a(Sirsi) u139579
041 0 _aeng
110 2 _aEnglish Heritage
_92714
245 0 0 _aBuildings at risk
_h[electronic resource]
520 _aLists information on all Scheduled Ancient Monuments, Grade I and Grade II* buildings which English Heritage considers to be at risk through neglect and decay. It also includes buildings thought to be vulnerable to becoming so. London's Grade II buildings are also included. As well as the ability to download the 2007 register and regional guides, the site includes a detailed search facility. Also includes statistics on general progress; details of recent successes in securing futures for buildings; a commentary on the register; and relevant links.
590 _aKA NTK
651 4 _aEngland
_y886-
690 _aBUILT ENVIRONMENT-BUILDING TYPES-ANCIENT MONUMENTS AND HISTORIC BUILDINGS-LISTED BUILDINGS
856 4 0 _uhttps://www.english-heritage.org.uk/server/show/nav.1424
_zView the website free of charge at www.english-heritage.org.uk...
942 _n0
999 _c120615
_d120615